| 000 | 01021nam a22003137a 4500 | ||
|---|---|---|---|
| 003 | CHAP | ||
| 005 | 20220329143317.0 | ||
| 008 | 080508d2007 us r 00110 eng d | ||
| 010 | _a94781 | ||
| 011 | _a95753 | ||
| 020 | _a9780879698195 | ||
| 035 | _a106383 | ||
| 040 | _cCHAP | ||
| 082 | 0 | 4 |
_a592 _bN6 |
| 100 | 1 |
_aNorth, Geoffrey _e, ed. _981811 |
|
| 245 | 1 | 0 |
_aInvertebrate neurobiology _c/ed. by Geoffrey North and Ralph J. Greenspan |
| 260 |
_aNew York : _bCold Spring Harbor Laboratory, _c2007 |
||
| 300 |
_axii, 665 p. : _bilus. ; gráfs. |
||
| 590 |
_aBATCH-UPD _b10 _c20130110 _lUCH01 _h0640 |
||
| 590 |
_aBATCH-UPD _b10 _c20130410 _lUCH01 _h0324 |
||
| 590 |
_aBATCH-UPD _b10 _c20130914 _lUCH01 _h1653 |
||
| 590 |
_aCONVERSION _b10 _c20130109 _lUCH01 _h1352 |
||
| 650 | 1 | 4 |
_aInvertebrados. _960203 |
| 650 | 1 | 4 |
_aNeurobiología. _980946 |
| 700 | 1 |
_aGreenspan, Ralph J. _e, ed. _950594 |
|
| 901 | _aBK | ||
| 942 | _cLIBRO | ||
| 949 |
_a592 N6 _bBC _cLIBRO _d33724002060769 _eLIBRO _gI.235545 _h109477 _i106383 _si _t$1.687.50 |
||
| 999 |
_c94781 _d94781 |
||